书目信息 |
| 题名: |
GNSS测量技术
|
|
| 作者: | 杜玉柱 主编 | |
| 分册: | ||
| 出版信息: | 武汉 武汉大学出版社 2013.02 |
|
| 页数: | 177页 | |
| 开本: | 26cm | |
| 丛书名: | 高职高专测绘类专业“十二五”规划教材 | |
| 单 册: | ||
| 中图分类: | P228.4 | |
| 科图分类: | ||
| 主题词: | 卫星导航--wei xing dao hang--全球定位系统--高等职业教育--教材 | |
| 电子资源: | ||
| ISBN: | 978-7-307-10405-1 | |
| 000 | 01125nam 2200253 450 | |
| 001 | 0100000965 | |
| 005 | 20201104093516.42 | |
| 010 | @a978-7-307-10405-1@dCNY25.00 | |
| 100 | @a20130423d2013 em y0chiy50 ea | |
| 101 | 0 | @achi |
| 102 | @aCN@b420000 | |
| 105 | @aak a 000yy | |
| 200 | 1 | @aGNSS测量技术@AGNSS ce liang ji shu@f主编杜玉柱 |
| 210 | @a武汉@c武汉大学出版社@d2013.02 | |
| 215 | @a177页@c图@d26cm | |
| 225 | 2 | @a高职高专测绘类专业“十二五”规划教材@Agao zhi gao zhuan ce hui lei zhuan ye“shi er wu”gui hua jiao cai@e规范版 |
| 320 | @a有书目 (第177页) | |
| 330 | @a本书共6章: 第1章主要介绍了GNSS技术的概况以及全球四大导航定位系统 ; 第2章介绍了GNSS测量的基础知识 ; 第3章和第4章介绍了GNSS测量的设计与实施和GNSS测量数据处理 ; 第5章介绍了常规RTK和网络RTK技术的应用 ; 第6章介绍了GNSS测量技术在控制测量、地形测量、放样等方面的应用。 | |
| 410 | 0 | @12001 @a高职高专测绘类专业“十二五”规划教材 (规范版) |
| 606 | 0 | @a卫星导航@Awei xing dao hang@x全球定位系统@x高等职业教育@j教材 |
| 690 | @aP228.4@v5 | |
| 701 | 0 | @a杜玉柱@Adu yu zhu@4主编 |
| 801 | 0 | @aCN@c20180901 |
| 905 | @a河南城建学院图书馆@dP228.4@eD889 | |
| GNSS测量技术/主编杜玉柱.-武汉:武汉大学出版社,2013.02 |
| 177页:图;26cm.-(高职高专测绘类专业“十二五”规划教材:规范版) |
| ISBN 978-7-307-10405-1:CNY25.00 |
| 本书共6章: 第1章主要介绍了GNSS技术的概况以及全球四大导航定位系统 ; 第2章介绍了GNSS测量的基础知识 ; 第3章和第4章介绍了GNSS测量的设计与实施和GNSS测量数据处理 ; 第5章介绍了常规RTK和网络RTK技术的应用 ; 第6章介绍了GNSS测量技术在控制测量、地形测量、放样等方面的应用。 |
| ● |
| 相关链接 |
|
|
|
正题名:GNSS测量技术
索取号:P228.4/D889
 
预约/预借
| 序号 | 登录号 | 条形码 | 馆藏地/架位号 | 状态 | 备注 |
| 1 | 1379872 | 213798728 | 自科库401/401自科库 121排2列3层/ [索取号:P228.4/D889] | 在馆 | |
| 2 | 1379873 | 213798737 | 社科二线400B/400B社科库 4排3列3层/ [索取号:P228.4/D889] | 在馆 | |
| 3 | 1501936 | 215019361 | 社科二线400B/400B社科库 4排3列3层/ [索取号:P228.4/D889] | 在馆 |